000 00867nam a22002415i 4500
001 159732
003 ES-MaACL
005 20230906211754.0
008 991027s1785 fr |||| | fre d
040 _aCCPB | B
_bspa
_cCCPB | B
100 1 _aMirabeau, Honoré-Gabriel de Riqueti
_ccomte de.
_981463
245 1 0 _aDe la Banque d'Espagne, dite de Saint-Charles /
_cpar le Comte de Mirabeau.
260 _a[S.l. :
_bs.n.],
_c1785.
300 _aXIV, [2], 144, CLXII p. ;
_c8º.
505 8 _aPieces justificatives, CLXII pág. y sign. propias
510 4 _aPalau,
_ct. IX, 171722
596 _aSegún Palau, impreso en París : [s.n.], 1785.
597 _aSign.: a7, A-I8, A-K8, L1.
597 _aAntep.
597 _aPort. con grab. xil.
610 2 _aBanco de San Carlos (España)
_92113
852 _aES-MaACL
_jR-364
_z-- Enc. hol.
_x-- Olim: F-5019
999 _c159732
_d159732